Popular websites by picture quiz - Statistics

General Stats
  • This quiz has been taken 57 times
  • The average score is 13 of 16
Answer Stats
Picture Answer % Correct
Facebook
100%
Google
100%
Netflix
100%
Twitter
100%
Tiktok
98%
Wikipedia
98%
Yahoo
98%
Youtube
98%
Amazon
92%
Pinterest
90%
Whatsapp
90%
Reddit
85%
Roblox
67%
Bing
58%
Fandom
33%
Ooenai
2%
No matching quizzes found
Score Distribution
Percent of People with Each Score
Percentile by Number Answered
Your Score History
You have not taken this quiz